_Engineering Desing with SolidWorks 2008 and Multimedia CD Planhhard P. Marie (Record no. 12451)
[ view plain ]
| 000 -LEADER | |
|---|---|
| fixed length control field | 00465nam a2200157Ia 4500 |
| 008 - FIXED-LENGTH DATA ELEMENTS--GENERAL INFORMATION | |
| fixed length control field | 151021s9999 xx 000 0 und d |
| 020 ## - INTERNATIONAL STANDARD BOOK NUMBER | |
| International Standard Book Number | 9.7815850342e+012 |
| 050 ## - LIBRARY OF CONGRESS CALL NUMBER | |
| Classification number | T 385.P 52872008 |
| 245 ## - TITLE STATEMENT | |
| Title | _Engineering Desing with SolidWorks 2008 and Multimedia CD Planhhard P. Marie |
| 260 ## - PUBLICATION, DISTRIBUTION, ETC. (IMPRINT) | |
| Place of publication, distribution, etc. | U.s.A schroff 2008 |
| 300 ## - PHYSICAL DESCRIPTION | |
| Extent | 122p,;Ill |
| 500 ## - GENERAL NOTE | |
| General note | includes Index |
| 500 ## - GENERAL NOTE | |
| General note | includes Index |
| 650 ## - SUBJECT ADDED ENTRY--TOPICAL TERM | |
| Topical term or geographic name as entry element | _Icons |
| 980 ## - EQUIVALENCE OR CROSS-REFERENCE-SERIES STATEMENT--PERSONAL NAME/TITLE [LOCAL, CANADA] | |
| Personal name | ^d20120816 01:53:31^okorir |
No items available.